000 00411nam a2200145 i 4500
001 42413
003 ES-MaACL
007 t|
008 030313s1974 pr ||||1| spa d
100 1 _aCastrillo, Primo.
_936815
245 1 0 _aZampoñas telúricas /
_cPrimo Castrillo.
260 _aSan Juan de Puerto Rico :
_bJuan Ponce de León,
_c1974.
300 _a180 p. ;
_c22 cm.
852 _aES-MaACL
_jE-7736
_bR.92121
999 _c42413
_d42413